Fikcia alebo skutočnosť?

Bibliographic Details
Main Author: Necpalová, Miloslava, 1954- (Author)
Format: Article
Language:Slovak
PhysicalDescription:Fotogr.
ISSN:1336-6424
Subjects:

MARC

LEADER 00000nab a2200000 ar4500
001 vtls008704018
003 SK-MaSNL
005 20260303074150.0
008 060525c2006 xo br|p|||||||000 b|slo
015 |a SNBRB2006/05  |2 snkbucl 
038 |a SNKBUCL 
040 |a SNKBUCL  |b slo  |c SNKBUCL  |e AACR2 
041 0 |a slo 
044 |a xo  |c SK 
080 |a 301.15-058.1  |x (437.6)  |2 2001 
100 1 |a Necpalová, Miloslava,  |d 1954-  |4 aut  |9 119905 
245 1 0 |a Fikcia alebo skutočnosť?  |c pripravila: Miloslava Necpalová 
300 |b Fotogr. 
610 2 7 |a Spoločnosť Prometheus (Slovensko)  |x kluby  |2 snkbucl  |9 1076866 
773 0 |t Prometheus  |g Roč. II., č. 2 (2006), s. 22  |x 1336-6424 
852 |a SNK  |b KIS3GCP 
999 |c 1770513  |d 1772443